Die Geographie des Himmels : eine Untersuchung zu den Deckendekorationen in ägyptischen Tempeln der griechisch-römischen Zeit und zeitgleichen Darstellungen auf Särgen und in Gräbern /

Saved in:

Main Author: Mendel, Daniela (Author)

Format: Book

Language: German

Published: Wiesbaden : Harrassowitz Verlag, 2022.

Series: Studien zur spätägyptischen Religion, Band 37

Subjects:

Tags: Add Tag

No Tags, Be the first to tag this record!

Call Number: On Hold

LEADER 01766nam a22003857a 4500
003 OSt
005 20260429075636.0
008 260429t2022 gw abe b 001 0 ger
010 |a  2023400305 
020 |a 9783447117951  |q (hardbound) 
020 |a 3447117958 
040 |a ItFiC  |b eng  |e rda  |c ItFiC  |d DLC 
042 |a lccopycat 
043 |a f-ua--- 
050 1 4 |a On Hold 
100 1 |a Mendel, Daniela,  |e author.  |0 http://id.loc.gov/authorities/names/no2003063617 
245 1 4 |a Die Geographie des Himmels :  |b eine Untersuchung zu den Deckendekorationen in ägyptischen Tempeln der griechisch-römischen Zeit und zeitgleichen Darstellungen auf Särgen und in Gräbern /  |c Daniela Mendel. 
246 3 0 |a Untersuchung zu den Deckendekorationen in ägyptischen Tempeln der griechisch-römischen Zeit und zeitgleichen Darstellungen auf Särgen und in Gräbern 
264 1 |a Wiesbaden :  |b Harrassowitz Verlag,  |c 2022. 
300 |a 2 volumes (xii, 664 pages) :  |b illustrations (chiefly color), map, plans ;  |c 31 cm. +  |e 17 folded leaves. 
336 |a text  |b txt  |2 rdacontent 
337 |a unmediated  |b n  |2 rdamedia 
338 |a volume  |b nc  |2 rdacarrier 
490 0 |a Studien zur spätägyptischen Religion,  |x 2190-3646 ;  |v Band 37 
504 |a Includes bibliographical references (pages 565-584) and indexes. 
650 0 |a Ceilings  |z Egypt  |x History. 
650 0 |a Astronomy in art. 
650 0 |a Architecture  |z Egypt  |x Details. 
650 0 |a Temples  |z Egypt.  |0 http://id.loc.gov/authorities/subjects/sh85133744 
650 0 |a Coffins  |z Egypt  |x History. 
650 0 |a Mural painting and decoration, Egyptian. 
906 |a 0  |b ibc  |c origres  |d 3  |e ncip  |f 20  |g y-gencatlg 
942 |2 lcc  |c BK 
955 |a ve21 2022-11-18  |a fd10 2023-04-29  |a fd00 2023-05-10 to GS/GER 
999 |c 62204  |d 62204